00668pam a2200217 a 450000100060000000300100000600500170001600800410003302000150007402000180008903500140010704000240012108200250014510000220017024500670019225000120025926000550027130000340032650400510036065000390041138341(BD-RjUL)20211209052757.0980330s1999 njua b 001 0 eng  a8178083000 a9788178083001 a(BD-RjUL) aDLCc(BD-RjUL)dDLC00a006.32221bHAN 20041 aHaykin, Simon S.,10aNeural networks :ba comprehensive foundation /cSimon Haykin. a2nd ed. aIndia :bPearson Education,cc1999 [reprint 2004]. axxi, 842 p. :bill. ;c25 cm. aIncludes bibliographical references and index. 0aNeural networks (Computer science)